000 00290nam a22001337a 4500
008 170605b xxu||||| |||| 00| 0 eng d
020 _a9780374223144
041 _aeng
080 _a94(4)
100 _a18
101 _aSHH
245 _aTHE RED WHEEL
_cSOLZHENITSYN.A
942 _2udc
_cBK
999 _c15852
_d15852